000 00804nam a22002657a 4500
001 BR8005178
003 BR-BrBNA
005 20230928090709.0
007 ta
008 230509b bl.||||| |||| 00| 0 por d
040 _aBR-BrBNA
_bpor
_cBiblioteca Nacional de Agricultura
041 _a(Por)
072 _aE15
_b/G514
090 _ E15 BR8005178
110 1 _aBanco Regional de Desenvolvimento do Extremo Sul, Curitiba, PR (Brasil). Gerencia de Planejamento
_91225
245 1 _aA capitalizacao das cooperativas agropecuarias no Parana [Brasil]
_bRelatorio 02/80
260 3 _aCuritiba, PR (Brasil):
_c1980.
300 _a70 p.
650 _aECONOMIA AGRICOLA
650 _aFINANCIAMENTO
650 _aCOOPERATIVA
650 _aPARANA
909 _a202309
_bLucia
_c55
_dLucia Elande
942 _cBK
999 _c30077
_d30077